Statistics for Fill in the Blank Letter - Countries

Click here to take the quiz!

General Stats

  • This quiz has been taken 51 times
  • The average score is 24 of 26

Answer Stats

HintAnswer% Correct
_enegals
100%
Ser_iab
98%
_enmarkd
98%
_ijif
98%
_aitih
98%
_ordanj
98%
So_aliam
98%
Cameroo_n
98%
_wandar
98%
_ietnamv
98%
Lu_embourgx
98%
Alb_niaa
96%
T_rkmenistanu
96%
_emeny
96%
Jama_cai
93%
Pa_aul
93%
_mano
93%
Zimbab_ew
93%
Kaza_hstank
91%
Phili_pinesp
91%
_renadag
89%
Vanua_ut
87%
North Ma_edoniac
84%
Eritr_ae
82%
Ira_q
82%
_ambiaz
82%

Score Distribution

Percentile by Number Answered

Percent of People with Each Score

Your Score History

You have not taken this quiz